Music Quiz

Random Music or Europe Quiz

European Cities In Song Lyrics Quiz Stats

 Plays Quiz Updated Jul 21, 2015

Challenge
Share
Tweet
Score 0/16 Timer 06:00
1 Play Today
% Correct
1. London
95.4%
2. Berlin
93.7%
4. Brussels
90.9%
14. Rome
87.6%
12. Paris
87.5%
11. Moscow
86.9%
3. Saint Petersburg
82.2%
7. Amsterdam
80.3%
% Correct
8. Munich
76.8%
13. Vienna
72.6%
10. Glasgow
71.4%
15. Budapest
63.8%
6. Liverpool
63.2%
16. Nice
61.3%
9. Naples
58.6%
5. Montreux
22.9%

You're not logged in!

Compare scores with friends on all Sporcle quizzes.
Join for Free
OR
Log In

You Might Also Like...

Show Comments

Extras

Top Quizzes Today


Score Distribution

Your Account Isn't Verified!

In order to create a playlist on Sporcle, you need to verify the email address you used during registration. Go to your Sporcle Settings to finish the process.

Report this User

Report this user for behavior that violates our Community Guidelines.

Details: